| 000 | 00552nam a2200241 a 4500 | ||
|---|---|---|---|
| 001 | nice12345678 | ||
| 003 | IN_TiNIC | ||
| 005 | 20260116011353.0 | ||
| 008 | 050524s1965 dela grp 000 0 urd | ||
| 020 |
_a _c5 |
||
| 082 | 0 | 0 |
_a297.1227 _bABD3 |
| 100 | _aAbdul Hai, | ||
| 245 | _aAasaan Tafseer | ||
| 260 |
_aDelhi _bMaktaba Alhasnat _c1965 |
||
| 300 | _a500p | ||
| 500 | _aincludes index and biblioraphy | ||
| 505 | 2 | _aTable | |
| 650 | _aQuran-Hermeneutics | ||
| 700 | 1 | _aAbdul Hai, | |
| 902 | _bSRS | ||
| 942 | _cBK | ||
| 999 |
_c937 _d937 |
||